000 00193 a2200097 4500
001 3612
100 _aCranston, R
245 _aWorld faith
260 _a
_bSkeffington
_c
090 _c2876
_d2876
942 _aNUST-CAE
_cM
_c20846
999 _c238685
_d238685